Foundation of robotics : Analysis and control (Record no. 170852)

MARC details
000 -LEADER
fixed length control field 00388nam a2200145Ia 4500
008 - FIXED-LENGTH DATA ELEMENTS--GENERAL INFORMATION
fixed length control field 231217s9999 xx 000 0 und d
041 ## - LANGUAGE CODE
Language code of text/sound track or separate title English
082 ## - DEWEY DECIMAL CLASSIFICATION NUMBER
Classification number 629.892 YAS;1 R
100 ## - MAIN ENTRY--PERSONAL NAME
Personal name Yashikawa, Tsuneo
245 #0 - TITLE STATEMENT
Title Foundation of robotics : Analysis and control
260 ## - PUBLICATION, DISTRIBUTION, ETC.
Date of publication, distribution, etc. 1990
Name of publisher, distributor, etc. PHI
Place of publication, distribution, etc. New Delhi
300 ## - PHYSICAL DESCRIPTION
Extent x+285
650 ## - SUBJECT ADDED ENTRY--TOPICAL TERM
Topical term or geographic name entry element Foundation,robotics,:,control
942 ## - ADDED ENTRY ELEMENTS (KOHA)
Koha item type Books
Holdings
Date last seen Total checkouts Full call number Accession number Cost, total (INR) price Price effective from Category Lost status Damaged status Department Withdrawn status Home library Current library Shelving location Entry date Vendor Cost, normal purchase price Grants Billnumber Billdate Currency symbol Conversion rate Discount Old discount Total renewals Date last checked out
26/01/2024   629.892 YAS;1 R 25594 140.00 26/01/2024 Books     Central Library   Central Library Central Library Central Library 11/02/2004 Sai Books 175.00 ME 248 16/07/2009 RS 1 35 20    
26/01/2024   629.892 YAS;2 R 25595 140.00 26/01/2024 Books     Central Library   Central Library Central Library Central Library 11/02/2004 Sai Books 175.00 ME 248 27/07/2005 RS 1 35 20    
26/01/2024   629.892 YAS;3 26362 140.00 26/01/2024 Books     Central Library   Central Library Central Library Central Library 05/03/2004 LBPD- L.B. Publishers & Distributors Pvt. Ltd. 175.00 ME 4/36746 18/11/2005 RS 1 35 20    
18/08/2025 1 629.892 YAS;4 27917 131.25 26/01/2024 Books     Central Library   Central Library Central Library Central Library 07/05/2004 I K International 175.00 CS 113 27/01/2006 RS 1 43.75 25 4 08/04/2025

© For any Suggestions or Query, please contact the library staff @ librarian@pes.edu or Phone: +9180 2672 1983/ 2108.